[Event "Paracin-Fujairah"]
[Site "Paracin"]
[Date "2018.07.26"]
[Round "8"]
[White "Rakic, Ognjan"]
[Black "Ammar, Sedrani"]
[Result "0-1"]
[WhiteElo "1801"]
[BlackElo "1902"]
[PlyCount "76"]
[EventDate "2018.07.23"]
[EventType "schev"]
[EventRounds "8"]
[EventCountry "SRB"]
[SourceTitle "CBM 186 Extra"]
[Source "ChessBase"]
[SourceDate "2018.08.24"]
[SourceVersion "1"]
[SourceVersionDate "2018.08.24"]
[SourceQuality "1"]
[WhiteTeam "Paracin"]
[BlackTeam "Fujairah"]
[WhiteTeamCountry "SRB"]
[BlackTeamCountry "UAE"]

1. e4 c6 2. Nc3 d5 3. d3 dxe4 4. Nxe4 Nf6 5. Nxf6+ exf6 6. Be3 Bd6 7. g3 0-0 8. Bg2 Re8 9. Nf3 Qb6 10. Rb1 Qa5+ 11. Qd2 Qxa2 12. 0-0 Qe6 13. Rfe1 Qd7 14. c3 Qc7 15. d4 Bf5 16. Rbd1 Nd7 17. h3 Nb6 18. Nh4 Be6 19. f4 Qd7 20. Kh2 Re7 21. Bf2 Rae8 22. Re2 a5 23. Qc2 a4 24. Rde1 g6 25. Qc1 Nc4 26. Qc2 Nb6 27. Qc1 Bd5 28. Rxe7 Rxe7 29. Rxe7 Qxe7 30. Bf1 Qe4 31. Bg2 Qe2 32. Qe3 Qxb2 33. f5 g5 34. Nf3 Nc4 35. Qe1 a3 36. Nxg5 fxg5 37. f6 Bxg2 38. Kxg2 a2 0-1

[Event "Paracin-Fujairah"]
[Site "Paracin"]
[Date "2018.07.24"]
[Round "4"]
[White "Ammar, Sedrani"]
[Black "Rakic, Ognjan"]
[Result "1-0"]
[WhiteElo "1902"]
[BlackElo "1801"]
[PlyCount "108"]
[EventDate "2018.07.23"]
[EventType "schev"]
[EventRounds "8"]
[EventCountry "SRB"]
[SourceTitle "CBM 186 Extra"]
[Source "ChessBase"]
[SourceDate "2018.08.24"]
[SourceVersion "1"]
[SourceVersionDate "2018.08.24"]
[SourceQuality "1"]
[WhiteTeam "Fujairah"]
[BlackTeam "Paracin"]
[WhiteTeamCountry "UAE"]
[BlackTeamCountry "SRB"]

1. d4 e6 2. Nf3 d5 3. Bf4 Nf6 4. e3 c6 5. Nbd2 Bd6 6. Bd3 Qc7 7. Ne5 Nbd7 8. Ndf3 Ne4 9. 0-0 Ndf6 10. c4 dxc4 11. Bxc4 Nd5 12. Bd3 Nxf4 13. Bxe4 Ng6 14. Nc4 Be7 15. Nfe5 0-0 16. f4 Bf6 17. Qh5 b5 18. Na3 Bb7 19. Rac1 Bxe5 20. fxe5 a6 21. Rf3 Qe7 22. Rh3 h6 23. Bxg6 fxg6 24. Qxg6 Qf7 25. Qg3 Kh7 26. Qh4 Rae8 27. Rf3 Qg6 28. Rg3 Qf7 29. Qe4+ Kh8 30. Rf3 Qd7 31. Rc5 Qe7 32. Nc2 Rxf3 33. Qxf3 a5 34. Ne1 Rf8 35. Qe2 Rf5 36. Nd3 g5 37. Nf2 Qg7 38. Ne4 Rf8 39. Nd6 Qg6 40. Qc2 Qxc2 41. Rxc2 Ba8 42. a4 Rb8 43. Rc5 Kg7 44. g4 Kf8 45. Kf2 Ke7 46. Ke2 bxa4 47. Rxa5 Rb3 48. Rxa4 c5 49. dxc5 Rxb2+ 50. Kd3 Rb8 51. Ra7+ Kf8 52. e4 Kg8 53. Ra6 Rf8 54. Ke3 Rf1 1-0

[Event "Paracin-Fujairah"]
[Site "Paracin"]
[Date "2018.07.24"]
[Round "3"]
[White "Rakic, Ognjan"]
[Black "Ali, Mohamed Al Zeaabi"]
[Result "1-0"]
[WhiteElo "1801"]
[BlackElo "1162"]
[PlyCount "66"]
[EventDate "2018.07.23"]
[EventType "schev"]
[EventRounds "8"]
[EventCountry "SRB"]
[SourceTitle "CBM 186 Extra"]
[Source "ChessBase"]
[SourceDate "2018.08.24"]
[SourceVersion "1"]
[SourceVersionDate "2018.08.24"]
[SourceQuality "1"]
[WhiteTeam "Paracin"]
[BlackTeam "Fujairah"]
[WhiteTeamCountry "SRB"]
[BlackTeamCountry "UAE"]

1. e4 c5 2. Nf3 Nc6 3. d4 cxd4 4. Nxd4 g6 5. Nc3 Bg7 6. Be3 Nf6 7. Bc4 0-0 8. Bb3 d6 9. f3 Na5 10. Qd2 Nxb3 11. Nxb3 Be6 12. h4 d5 13. 0-0-0 dxe4 14. Qf2 Qc7 15. Kb1 exf3 16. gxf3 b6 17. Rdg1 Nh5 18. Bd4 Bxb3 19. axb3 Rfd8 20. Bxg7 Kxg7 21. Rg5 h6 22. Rg4 Qe5 23. Rhg1 Kh7 24. f4 Qf5 25. Qf3 Rab8 26. Qe3 e6 27. Ne2 Rbc8 28. Nd4 Qc5 29. c3 Nf6 30. R4g2 Rd5 31. Qd3 Rcd8 32. Rxg6 Rf5 33. Rxf6 Kh8 1-0

[Event "SRB Central-ch op-B 7th"]
[Site "Paracin"]
[Date "2014.07.05"]
[Round "2"]
[White "Rakic, Ognjan"]
[Black "Nikolovski, Nikola"]
[Result "0-1"]
[WhiteElo "1809"]
[BlackElo "2017"]
[PlyCount "97"]
[EventDate "2014.07.04"]
[EventType "swiss"]
[EventRounds "9"]
[EventCountry "SRB"]
[SourceTitle "CBM 161 Extra"]
[Source "ChessBase"]
[SourceDate "2014.08.29"]
[SourceVersion "1"]
[SourceVersionDate "2014.08.29"]
[SourceQuality "1"]

1. e4 c5 2. Nf3 d6 3. d4 cxd4 4. Nxd4 Nf6 5. Nc3 Nc6 6. Bc4 Bd7 7. Bb3 g6 8. f3 Bg7 9. Be3 0-0 10. Qd2 Qa5 11. 0-0-0 Rfc8 12. Kb1 Ne5 13. h4 Nc4 14. Bxc4 Rxc4 15. Nb3 Qa6 16. h5 Rac8 17. hxg6 hxg6 18. Bd4 Be6 19. g4 b5 20. g5 Nh5 21. Bxg7 Kxg7 22. Rh2 Qb6 23. Qe1 a5 24. Nd5 Bxd5 25. exd5 a4 26. Nc1 Qc7 27. Re2 Kf8 28. c3 a3 29. Rc2 b4 30. bxa3 Rxc3 31. Rxc3 bxc3 32. Kc2 Qb7 33. Nb3 Qa6 34. Ra1 Nf4 35. Qf1 Qxa3 36. Qc1 Qa4 37. Qd1 Qc4 38. Qf1 Qxd5 39. Rd1 Qf5+ 40. Kc1 Qxg5 41. Kc2 Nd5 42. Qg1 Nb4+ 43. Kb1 c2+ 44. Kb2 cxd1Q 45. Qxd1 Qg2+ 46. Ka3 Nc2+ 47. Ka4 Ra8+ 48. Na5 Qg5 49. Qd2 0-1

[Event "Paracin-ch"]
[Site "Paracin"]
[Date "2012.01.29"]
[Round "9"]
[White "Rakic, Ognjan"]
[Black "Antic, Nenad"]
[Result "0-1"]
[WhiteElo "1762"]
[BlackElo "2066"]
[PlyCount "58"]
[EventDate "2012.01.20"]
[EventType "swiss"]
[EventRounds "9"]
[EventCountry "SRB"]
[SourceTitle "CBM 146 Extra"]
[Source "ChessBase"]
[SourceDate "2012.02.29"]
[SourceVersion "1"]
[SourceVersionDate "2012.02.29"]
[SourceQuality "1"]

1. e4 e5 2. Nf3 Nc6 3. d4 exd4 4. Nxd4 Bc5 5. Be3 Qf6 6. c3 Nge7 7. Be2 d5 8. exd5 Nxd5 9. 0-0 Bxd4 10. cxd4 0-0 11. Nc3 Be6 12. Qd2 h6 13. Ne4 Qe7 14. Ng3 Rfe8 15. Bf3 Rad8 16. a3 Nb6 17. Bxc6 bxc6 18. Rfe1 c5 19. Qc3 cxd4 20. Bxd4 Na4 21. Qe3 Qd7 22. Rad1 Bg4 23. Qf4 Bxd1 24. Rxd1 c5 25. Nf5 cxd4 26. g4 d3 27. h4 d2 28. Ne3 Nxb2 29. g5 Nxd1 0-1